[Event "Montevideo Duchamp Cup 6th"]
[Site "Montevideo"]
[Date "2023.02.04"]
[Round "2"]
[White "Pichuaga, Juan Pablo"]
[Black "Agrasot, Antonio"]
[Result "1-0"]
[WhiteElo "2004"]
[BlackElo "1526"]
[PlyCount "51"]
[EventDate "2023.02.03"]
[EventType "swiss"]
[EventRounds "9"]
[EventCountry "URU"]
[SourceTitle "CBM 212 Extra"]
[Source "ChessBase"]
[SourceDate "2023.03.31"]
[SourceVersion "1"]
[SourceVersionDate "2023.03.31"]
[SourceQuality "1"]

1. d4 Nf6 2. Nf3 g6 3. Bf4 Bg7 4. e3 d6 5. Be2 a6 6. 0-0 0-0 7. Nbd2 Bd7 8. h3 Bc6 9. c4 Bxf3 10. Bxf3 c6 11. Qb3 b5 12. a4 bxc4 13. Qb7 Nbd7 14. Qxc6 Ra7 15. Qxc4 Nb6 16. Qc6 Nfd7 17. a5 Rc7 18. Qe4 Nf6 19. axb6 Nxe4 20. bxc7 Qxc7 21. Bxe4 Rb8 22. Rfc1 Qd8 23. Rxa6 Rxb2 24. Ra8 Rb8 25. Rxb8 Qxb8 26. Ra1 1-0

[Event "Montevideo Trebejos 50 Anniv op"]
[Site "Montevideo"]
[Date "2022.09.23"]
[Round "7"]
[White "Pichuaga, Juan Pablo"]
[Black "Lanzilotta, Filippo"]
[Result "1-0"]
[WhiteElo "2009"]
[BlackElo "1425"]
[PlyCount "51"]
[EventDate "2022.09.17"]
[EventType "swiss"]
[EventRounds "9"]
[EventCountry "URU"]
[SourceTitle "EXT 2023"]
[Source "ChessBase"]
[SourceDate "2022.10.05"]
[SourceVersion "1"]
[SourceVersionDate "2022.10.05"]
[SourceQuality "1"]

1. d4 d5 2. Nf3 Nf6 3. Bf4 Bf5 4. e3 a6 5. Be2 c5 6. 0-0 Nc6 7. c3 e6 8. Nbd2 Nh5 9. Bg5 f6 10. Bh4 g6 11. Ne5 Ng7 12. g4 g5 13. Nxc6 bxc6 14. gxf5 gxh4 15. Bh5+ Kd7 16. fxe6+ Nxe6 17. f4 f5 18. c4 Qb6 19. Qf3 Nc7 20. Qh3 Ke6 21. Nf3 Be7 22. dxc5 Qxc5 23. Nd4+ Kf6 24. Qxf5+ Kg7 25. Qf7+ Kh6 26. Nf5# 1-0

[Event "Montevideo Trebejos 50 Anniv op"]
[Site "Montevideo"]
[Date "2022.09.17"]
[Round "1"]
[White "Fabra, Nahiara"]
[Black "Pichuaga, Juan Pablo"]
[Result "0-1"]
[WhiteElo "1521"]
[BlackElo "2009"]
[PlyCount "136"]
[EventDate "2022.09.17"]
[EventType "swiss"]
[EventRounds "9"]
[EventCountry "URU"]
[SourceTitle "EXT 2023"]
[Source "ChessBase"]
[SourceDate "2022.10.05"]
[SourceVersion "1"]
[SourceVersionDate "2022.10.05"]
[SourceQuality "1"]

1. e4 Nf6 2. e5 Nd5 3. d4 e6 4. Nf3 Be7 5. Bc4 d6 6. 0-0 Nb6 7. Bd3 d5 8. Nbd2 c5 9. c3 Nc6 10. a3 c4 11. Bc2 Qc7 12. Re1 Bd7 13. Nf1 h6 14. Ng3 0-0-0 15. Nh5 Rdg8 16. g3 Qd8 17. Nf4 h5 18. Be3 g5 19. Ng2 h4 20. Re2 Na5 21. Nd2 Qe8 22. Ne1 Na4 23. Qc1 Nb6 24. g4 h3 25. Ndf3 Qd8 26. Rb1 Kb8 27. Kh1 Bc6 28. Qd1 Ka8 29. Qd2 Nd7 30. Ng1 f6 31. exf6 Bxf6 32. f3 Re8 33. Bf2 Ref8 34. Bg3 Re8 35. Bf2 e5 36. Bg3 exd4 37. Rxe8 Rxe8 38. cxd4 Qb6 39. Bf2 Nb3 40. Bxb3 Qxb3 41. Qc2 Rxe1 42. Qxb3 Rxg1+ 43. Kxg1 cxb3 44. Re1 b5 45. Be3 Kb7 46. Kf2 Nb6 47. Rd1 Nc4 48. Bc1 a5 49. Rd3 a4 50. Kg3 b4 51. axb4 Bb5 52. Kxh3 Nxb2 53. Rxb3 axb3 54. Bxb2 Be7 55. Bc3 Bd6 56. Kg2 Bf4 57. Bb2 Be2 58. Kf2 Bd1 59. h3 Kc6 60. Kg2 Kb5 61. Bc3 Kc4 62. Bb2 Kxb4 63. Kf2 Kc4 64. Ke1 Bxf3 65. Kf2 Be4 66. Ke2 Bg2 67. h4 gxh4 68. Kf2 Be4 0-1

[Event "URU-ch sf"]
[Site "Montevideo"]
[Date "2022.02.27"]
[Round "4"]
[White "Ressia, Lorenzo"]
[Black "Pichuaga, Juan Pablo"]
[Result "1/2-1/2"]
[WhiteElo "1447"]
[BlackElo "2030"]
[PlyCount "66"]
[EventDate "2022.02.26"]
[EventType "swiss"]
[EventRounds "7"]
[EventCountry "URU"]
[SourceTitle "CBM 207 Extra"]
[Source "ChessBase"]
[SourceDate "2022.05.31"]
[SourceVersion "1"]
[SourceVersionDate "2022.05.31"]
[SourceQuality "1"]

1. d4 e6 2. c4 d5 3. Nc3 f5 4. Nf3 Nf6 5. Bg5 Be7 6. e3 0-0 7. Bd3 c6 8. 0-0 Ne4 9. Bxe7 Qxe7 10. Ne5 Nd7 11. Nxd7 Bxd7 12. Ne2 Nf6 13. Rb1 b5 14. b3 a5 15. cxb5 cxb5 16. Rc1 Rfc8 17. Qd2 Qa3 18. f3 b4 19. Rxc8+ Rxc8 20. Rc1 Rxc1+ 21. Nxc1 a4 22. Bb1 axb3 23. Nxb3 Ne8 24. Qc1 Qxc1+ 25. Nxc1 Nd6 26. Nd3 Nc4 27. Kf2 Na3 28. Nc5 Nxb1 29. Nxd7 Nc3 30. Ke1 Nxa2 31. Nc5 Nc3 32. Kd2 Kf7 33. Nd3 Nb5 1/2-1/2

[Event "URU-ch sf"]
[Site "Montevideo"]
[Date "2022.02.26"]
[Round "2"]
[White "Elena, Eduardo"]
[Black "Pichuaga, Juan Pablo"]
[Result "1/2-1/2"]
[WhiteElo "1712"]
[BlackElo "2030"]
[PlyCount "68"]
[EventDate "2022.02.26"]
[EventType "swiss"]
[EventRounds "7"]
[EventCountry "URU"]
[SourceTitle "CBM 207 Extra"]
[Source "ChessBase"]
[SourceDate "2022.05.31"]
[SourceVersion "1"]
[SourceVersionDate "2022.05.31"]
[SourceQuality "1"]

1. e4 c6 2. c4 e5 3. d4 d6 4. Nf3 Qc7 5. Be2 Nf6 6. Nc3 Be7 7. 0-0 Bg4 8. Be3 0-0 9. Qc2 Nbd7 10. Rad1 Rad8 11. Ne1 Bxe2 12. Nxe2 Rfe8 13. Ng3 Bf8 14. h3 c5 15. d5 a6 16. Nd3 b5 17. b3 bxc4 18. bxc4 Rb8 19. Rde1 Nb6 20. f4 Nfd7 21. Re2 f6 22. Ref2 exf4 23. Bxf4 Ne5 24. Bxe5 dxe5 25. a4 Nd7 26. Qc3 Rb7 27. Ra1 Reb8 28. Raa2 g6 29. Rab2 Bd6 30. Rxb7 Rxb7 31. Rb2 Qb8 32. Rxb7 Qxb7 33. Qb2 Qxb2 34. Nxb2 Bc7 1/2-1/2

[Event "Montevideo Duchamp Cup 5th"]
[Site "Montevideo"]
[Date "2022.02.19"]
[Round "9"]
[White "Pichuaga, Juan Pablo"]
[Black "Kulik, Nicolas"]
[Result "1-0"]
[WhiteElo "2030"]
[BlackElo "1775"]
[PlyCount "101"]
[EventDate "2022.02.12"]
[EventType "swiss"]
[EventRounds "9"]
[EventCountry "URU"]
[SourceTitle "CBM 206 Extra"]
[Source "ChessBase"]
[SourceDate "2022.03.31"]
[SourceVersion "1"]
[SourceVersionDate "2022.03.31"]
[SourceQuality "1"]

1. e4 e6 2. d4 d5 3. e5 c5 4. Nf3 Nc6 5. Bd3 cxd4 6. a3 Qb6 7. b4 a6 8. Bf4 Nge7 9. Qe2 Bd7 10. Nbd2 Ng6 11. Bg3 Rc8 12. 0-0 Be7 13. h4 f6 14. exf6 gxf6 15. h5 Nf8 16. Nh4 e5 17. f3 Rg8 18. Qf2 Nd8 19. c4 dxc4 20. Nxc4 Qe6 21. Nd2 Rc3 22. Bf5 Qb6 23. Ne4 Rc6 24. f4 exf4 25. Bxf4 Bxf5 26. Nxf5 Re6 27. Rae1 Nc6 28. Bd6 Rg4 29. Bxe7 Nxe7 30. Nxe7 Rgxe4 31. Rxe4 Rxe7 32. Qxd4 Qxd4+ 33. Rxd4 Ne6 34. Rd6 Kf7 35. g4 h6 36. Kh2 Rc7 37. Rf2 Ke7 38. Rb6 Kf7 39. Rd2 Ng5 40. Rd8 Rc2+ 41. Kg3 Rc3+ 42. Kg2 Rxa3 43. Rd7+ Ke8 44. Rdxb7 Ra2+ 45. Kf1 Nf3 46. Ra7 Nh2+ 47. Ke1 Ra1+ 48. Ke2 Ra2+ 49. Kd3 Ra3+ 50. Kc4 Nxg4 51. Rb8# 1-0

[Event "Montevideo Duchamp Cup 5th"]
[Site "Montevideo"]
[Date "2022.02.14"]
[Round "4"]
[White "Romero, Juan"]
[Black "Pichuaga, Juan Pablo"]
[Result "1/2-1/2"]
[WhiteElo "1638"]
[BlackElo "2030"]
[PlyCount "33"]
[EventDate "2022.02.12"]
[EventType "swiss"]
[EventRounds "9"]
[EventCountry "URU"]
[SourceTitle "CBM 206 Extra"]
[Source "ChessBase"]
[SourceDate "2022.03.31"]
[SourceVersion "1"]
[SourceVersionDate "2022.03.31"]
[SourceQuality "1"]

1. e4 e6 2. d4 d5 3. Nd2 Nf6 4. e5 Nfd7 5. Bd3 c5 6. c3 Nc6 7. Ne2 Qc7 8. Nf3 c4 9. Bc2 Nb6 10. b4 Bd7 11. a4 0-0-0 12. Ng5 Be8 13. Nxh7 Be7 14. Ng5 Rh5 15. h4 Rh8 16. Be3 a5 17. b5 1/2-1/2

[Event "Montevideo Duchamp Cup 5th"]
[Site "Montevideo"]
[Date "2022.02.13"]
[Round "2"]
[White "Hungaski, Robert Andrew"]
[Black "Pichuaga, Juan Pablo"]
[Result "1-0"]
[WhiteElo "2537"]
[BlackElo "2030"]
[PlyCount "105"]
[EventDate "2022.02.12"]
[EventType "swiss"]
[EventRounds "9"]
[EventCountry "URU"]
[SourceTitle "CBM 206 Extra"]
[Source "ChessBase"]
[SourceDate "2022.03.31"]
[SourceVersion "1"]
[SourceVersionDate "2022.03.31"]
[SourceQuality "1"]

1. d4 d5 2. c4 e6 3. Nf3 Nf6 4. g3 Be7 5. Bg2 0-0 6. 0-0 c6 7. Qc2 Ne4 8. Nbd2 f5 9. Ne5 Nd7 10. Nd3 Nxd2 11. Bxd2 dxc4 12. Qxc4 Nb6 13. Qc3 Nd5 14. Qc2 Bd7 15. Bf4 Nxf4 16. Nxf4 Bd6 17. Nd3 Qe7 18. Qc3 Rad8 19. e3 Bc8 20. b4 Rfe8 21. f4 g5 22. a4 a6 23. Bf3 Rf8 24. Ra2 g4 25. Bg2 Qg7 26. Rb2 Rf7 27. Rc1 Rc7 28. Qb3 h5 29. Rbc2 Re8 30. Kf2 h4 31. Ne5 Bxe5 32. dxe5 Rce7 33. b5 hxg3+ 34. hxg3 axb5 35. axb5 Bd7 36. b6 Qf7 37. Rd1 Ra8 38. Ra2 Rxa2+ 39. Qxa2 Be8 40. Rd6 Rd7 41. Qxe6 Qxe6 42. Rxe6 Bf7 43. Rd6 Rxd6 44. exd6 Be8 45. e4 fxe4 46. Bxe4 Bd7 47. Ke3 Kf7 48. f5 Kf6 49. Kf4 Be8 50. Bc2 Bd7 51. Bd3 Bc8 52. Ba6 c5 53. Bb5 1-0

[Event "Montevideo Duchamp Cup 5th"]
[Site "Montevideo"]
[Date "2022.02.13"]
[Round "3"]
[White "Pichuaga, Juan Pablo"]
[Black "Parma, Pamela"]
[Result "1-0"]
[WhiteElo "2030"]
[BlackElo "1761"]
[PlyCount "83"]
[EventDate "2022.02.12"]
[EventType "swiss"]
[EventRounds "9"]
[EventCountry "URU"]
[SourceTitle "CBM 206 Extra"]
[Source "ChessBase"]
[SourceDate "2022.03.31"]
[SourceVersion "1"]
[SourceVersionDate "2022.03.31"]
[SourceQuality "1"]

1. e4 e5 2. Nf3 d5 3. d3 dxe4 4. dxe4 Qxd1+ 5. Kxd1 Nc6 6. Bd3 Bg4 7. c3 0-0-0 8. Kc2 Bc5 9. Ng5 Bh5 10. f3 h6 11. Nh3 Nge7 12. Re1 f5 13. Be3 fxe4 14. Bxe4 Bxe3 15. Rxe3 Nd5 16. Re1 Rhf8 17. Na3 Nf4 18. Nxf4 exf4 19. Bxc6 bxc6 20. Rad1 Rf6 21. Rxd8+ Kxd8 22. Nc4 Bf7 23. Ne5 Bg8 24. c4 Kc8 25. Kc3 Kb7 26. b4 g5 27. Nd7 Rd6 28. Nc5+ Kc8 29. Re8+ Rd8 30. Re7 Rd1 31. Rg7 Rd8 32. Na6 Re8 33. Rxc7+ Kd8 34. Rxa7 Re3+ 35. Kd4 Be6 36. Nc5 Bf5 37. Rf7 Bb1 38. a4 Re2 39. Nb7+ Ke8 40. Nd6+ Kd8 41. Kc5 Rxg2 42. Kxc6 1-0

[Event "Montevideo Duchamp Cup 5th"]
[Site "Montevideo"]
[Date "2022.02.12"]
[Round "1"]
[White "Pichuaga, Juan Pablo"]
[Black "Fuentes, Agustin1111"]
[Result "1-0"]
[WhiteElo "2030"]
[BlackElo "1505"]
[PlyCount "29"]
[EventDate "2022.02.12"]
[EventType "swiss"]
[EventRounds "9"]
[EventCountry "URU"]
[SourceTitle "CBM 206 Extra"]
[Source "ChessBase"]
[SourceDate "2022.03.31"]
[SourceVersion "1"]
[SourceVersionDate "2022.03.31"]
[SourceQuality "1"]

1. e4 c5 2. Nc3 Nc6 3. Bb5 d6 4. Bxc6+ bxc6 5. d3 Nf6 6. f4 e6 7. Nf3 g6 8. 0-0 Bg7 9. e5 Nd5 10. Ne4 dxe5 11. fxe5 0-0 12. Nxc5 Bxe5 13. Nxe5 Qd6 14. d4 f6 15. Bh6 1-0

[Event "URU-ch sf"]
[Site "Montevideo"]
[Date "2020.02.23"]
[Round "5"]
[White "Pichuaga, Juan Pablo"]
[Black "Avedisian, Alexander"]
[Result "0-1"]
[WhiteElo "2030"]
[BlackElo "1892"]
[PlyCount "70"]
[EventDate "2020.02.21"]
[EventType "swiss"]
[EventRounds "8"]
[EventCountry "URU"]
[SourceTitle "CBM 195 Extra"]
[Source "ChessBase"]
[SourceDate "2020.05.31"]
[SourceVersion "1"]
[SourceVersionDate "2020.05.31"]
[SourceQuality "1"]

1. d4 Nf6 2. Nf3 g6 3. Bf4 Bg7 4. e3 0-0 5. Be2 c5 6. c3 d6 7. 0-0 cxd4 8. exd4 Nc6 9. Nbd2 Nd5 10. Bg3 e5 11. dxe5 dxe5 12. Nb3 f6 13. Bc4 Nce7 14. Qe2 Be6 15. Rfd1 Qb6 16. Rd2 Rad8 17. Re1 Bf7 18. Rdd1 Nf5 19. Nh4 Nxg3 20. hxg3 a5 21. Qf3 a4 22. Bxd5 Bxd5 23. Rxd5 axb3 24. a3 f5 25. Qd3 e4 26. Qb5 Qc6 27. Qxc6 bxc6 28. Rc5 Rf6 29. g4 Rd2 30. gxf5 g5 31. Rxe4 gxh4 32. Rb4 Rxb2 33. a4 Bf8 34. Rb8 Kg7 35. Rc4 Rb1+ 0-1

[Event "URU-ch sf"]
[Site "Montevideo"]
[Date "2020.02.22"]
[Round "2"]
[White "Carbone, Diego"]
[Black "Pichuaga, Juan Pablo"]
[Result "1-0"]
[WhiteElo "2239"]
[BlackElo "2030"]
[PlyCount "255"]
[EventDate "2020.02.21"]
[EventType "swiss"]
[EventRounds "8"]
[EventCountry "URU"]
[SourceTitle "CBM 195 Extra"]
[Source "ChessBase"]
[SourceDate "2020.05.31"]
[SourceVersion "1"]
[SourceVersionDate "2020.05.31"]
[SourceQuality "1"]

1. d4 Nf6 2. c4 g6 3. g3 Bg7 4. Bg2 d6 5. Nc3 0-0 6. Nf3 Nbd7 7. 0-0 e5 8. e4 exd4 9. Nxd4 Nc5 10. h3 Re8 11. Re1 a5 12. Qc2 Ng4 13. Nb3 Nxb3 14. axb3 Ne5 15. Be3 Nc6 16. Rad1 Bd7 17. Qd2 Qc8 18. Kh2 Nb4 19. c5 Be6 20. cxd6 Rd8 21. Nb5 cxd6 22. Bb6 Bxb3 23. Bxd8 Bxd1 24. Bxa5 Rxa5 25. Qxb4 Ra4 26. Qxd6 Bb3 27. e5 Bf8 28. Qf6 Qe6 29. Qf3 Rb4 30. Nc3 Bc4 31. Ne4 Rxb2 32. Qf4 Be7 33. Nf6+ Kg7 34. Ng4 g5 35. Qd4 Rb4 36. Qa1 h5 37. Ne3 Bc5 38. Qd1 Bxe3 39. Rxe3 Rb3 40. Qxh5 Qg6 41. Qxg6+ Kxg6 42. Be4+ f5 43. exf6+ Kxf6 44. Rxb3 Bxb3 45. Bxb7 Be6 46. Bf3 Ke5 47. Kg2 Bc4 48. Bg4 Bd5+ 49. Kf1 Kd4 50. Ke2 Bc4+ 51. Kd2 Bf1 52. Bd7 Bc4 53. Ke1 Ba6 54. Bg4 Bb5 55. Be2 Bd7 56. Bf1 Be6 57. Kd2 Bb3 58. Bg2 Bc4 59. Bf3 Bf1 60. h4 gxh4 61. gxh4 Ke5 62. Ke3 Bh3 63. Bc6 Bf5 64. Bb5 Bh3 65. Bd3 Bg2 66. h5 Kf6 67. Kf4 Kg7 68. Be4 Bh3 69. Kg5 Bf1 70. f4 Bh3 71. h6+ Kh8 72. Bf5 Bf1 73. Kf6 Be2 74. Ke5 Bf1 75. Kd4 Kg8 76. Ke3 Kh8 77. Kf3 Kg8 78. Kf2 Bb5 79. Kg3 Bf1 80. Kh4 Kh8 81. Kh5 Bg2 82. Kh4 Bd5 83. Kg5 Bc4 84. Be4 Be6 85. Kf6 Bh3 86. Bf5 Bf1 87. Ke5 Be2 88. Kd4 Bd1 89. Ke5 Be2 90. Bc2 Bg4 91. Kf6 Bh3 92. Kg5 Kg8 93. Bf5 Bf1 94. Be6+ Kh8 95. Bf7 Bh3 96. Bg6 Kg8 97. Kf6 Kh8 98. Ke5 Kg8 99. Bf5 Bf1 100. Kf6 Kh8 101. Be4 Bh3 102. Bd3 Kg8 103. Ke7 Kh8 104. Bc2 Bg4 105. Kf7 Bf5 106. Bb3 Kh7 107. Kf6 Bd3 108. Kg5 Kh8 109. Bf7 Kh7 110. Be6 Kh8 111. Bg4 Kg8 112. Bh5 Kh7 113. Be8 Bc2 114. Bd7 Kh8 115. Bf5 Ba4 116. Be4 Bd7 117. Bf3 Kh7 118. Bg4 Bb5 119. f5 Be8 120. f6 Bf7 121. Bf5+ Kh8 122. Bg6 Bd5 123. Kf5 Bc4 124. Ke5 Bb3 125. Kd6 Bc4 126. Ke7 Bd5 127. Be8 Bc4 128. Bd7 1-0

[Event "Montevideo Duchamp Cup 4th"]
[Site "Montevideo"]
[Date "2020.02.14"]
[Round "8"]
[White "Pichuaga, Juan Pablo"]
[Black "Alvarez, Miguel"]
[Result "1-0"]
[WhiteElo "2030"]
[BlackElo "1754"]
[PlyCount "64"]
[EventDate "2020.02.08"]
[EventType "swiss"]
[EventRounds "9"]
[EventCountry "URU"]
[SourceTitle "CBM 194 Extra"]
[Source "ChessBase"]
[SourceDate "2020.03.31"]
[SourceVersion "1"]
[SourceVersionDate "2020.03.31"]
[SourceQuality "1"]

1. d4 Nf6 2. Nf3 e6 3. Bf4 d6 4. e3 Be7 5. h3 Nbd7 6. Be2 Nf8 7. c4 Ng6 8. Bh2 0-0 9. Nc3 b6 10. 0-0 Bb7 11. d5 exd5 12. cxd5 Nd7 13. Nd4 Bf6 14. Rc1 Bxd4 15. Qxd4 a6 16. Rfd1 Re8 17. Rd2 Nde5 18. Rdc2 c5 19. dxc6 Bxc6 20. f4 Nd7 21. Qxd6 Re6 22. Qd4 Nh4 23. Bg4 Bxg2 24. Rxg2 Nxg2 25. Kxg2 Rg6 26. f5 Rf6 27. Rd1 Ra7 28. Be5 Rh6 29. Bf4 g5 30. fxg6 Rxg6 31. Kh2 Qa8 32. Ne4 Qc6 1-0

[Event "Montevideo Duchamp Cup 4th"]
[Site "Montevideo"]
[Date "2020.02.11"]
[Round "5"]
[White "Carbone, Diego"]
[Black "Pichuaga, Juan Pablo"]
[Result "1/2-1/2"]
[WhiteElo "2239"]
[BlackElo "2030"]
[PlyCount "70"]
[EventDate "2020.02.08"]
[EventType "swiss"]
[EventRounds "9"]
[EventCountry "URU"]
[SourceTitle "CBM 194 Extra"]
[Source "ChessBase"]
[SourceDate "2020.03.31"]
[SourceVersion "1"]
[SourceVersionDate "2020.03.31"]
[SourceQuality "1"]

1. d4 e6 2. c4 d5 3. Nf3 Nf6 4. g3 Bb4+ 5. Bd2 Bxd2+ 6. Nbxd2 0-0 7. Bg2 Ne4 8. 0-0 Nxd2 9. Nxd2 Nd7 10. Qc2 c6 11. e4 dxe4 12. Nxe4 Nf6 13. Rad1 Nxe4 14. Bxe4 g6 15. Rfe1 Qc7 16. h4 Bd7 17. h5 f5 18. Bf3 g5 19. Re5 g4 20. Be2 Rf6 21. c5 Raf8 22. Qd2 Qd8 23. Qf4 Qe8 24. Qg5+ Kh8 25. Bc4 Qf7 26. Rde1 Rg8 27. Qe3 Qxh5 28. Bxe6 Rh6 29. Kf1 Bxe6 30. Rxe6 Rxe6 31. Qxe6 Qh1+ 32. Ke2 Qf3+ 33. Kf1 Qh1+ 34. Ke2 Qf3+ 35. Kf1 Qh1+ 1/2-1/2

[Event "Montevideo zt 2.5"]
[Site "Montevideo"]
[Date "2019.04.18"]
[Round "8"]
[White "Pichuaga, Juan Pablo"]
[Black "Jodorcovsky Werjivker, Paulo"]
[Result "1/2-1/2"]
[WhiteElo "2021"]
[BlackElo "2257"]
[PlyCount "112"]
[EventDate "2019.04.13"]
[EventType "swiss"]
[EventRounds "9"]
[EventCountry "URU"]
[SourceTitle "CBM 189 Extra"]
[Source "ChessBase"]
[SourceDate "2019.06.03"]
[SourceVersion "1"]
[SourceVersionDate "2019.06.03"]
[SourceQuality "1"]

1. e4 c5 2. Nc3 Nc6 3. g3 g6 4. Bg2 Bg7 5. d3 d6 6. f4 e6 7. Nf3 Nge7 8. 0-0 0-0 9. Be3 b6 10. Qd2 d5 11. exd5 exd5 12. Bf2 Bg4 13. Rae1 Qd7 14. Kh1 d4 15. Ne4 Bh3 16. Bg1 Bxg2+ 17. Qxg2 Rae8 18. a3 f5 19. Ned2 Nd5 20. Nc4 b5 21. Nce5 Nxe5 22. Nxe5 Bxe5 23. fxe5 b4 24. axb4 Nxb4 25. h4 Qc6 26. Qxc6 Nxc6 27. c3 Rf7 28. cxd4 cxd4 29. Rf4 Rd7 30. Kg2 Re6 31. Rc1 Rd5 32. Rc4 Rdxe5 33. Bxd4 Rd5 34. Bc3 Rxd3 35. Rf3 Rxf3 36. Kxf3 Kf7 37. Ra4 Rd6 38. g4 fxg4+ 39. Kxg4 h5+ 40. Kg5 Kg8 41. Ra1 Kh7 42. Re1 Rd5+ 43. Kf4 Rf5+ 44. Kg3 g5 45. hxg5 Rxg5+ 46. Kh4 Rc5 47. Re8 a5 48. Rh8+ Kg6 49. Rg8+ Kf7 50. Rg5 Rxg5 51. Kxg5 a4 52. Kxh5 Ke6 53. Kg4 Kd5 54. Kf3 Kc4 55. Ke2 Kb3 56. Kd2 a3 1/2-1/2

[Event "Montevideo zt 2.5"]
[Site "Montevideo"]
[Date "2019.04.17"]
[Round "7"]
[White "Manteiga, Franco"]
[Black "Pichuaga, Juan Pablo"]
[Result "0-1"]
[WhiteElo "1684"]
[BlackElo "2021"]
[PlyCount "82"]
[EventDate "2019.04.13"]
[EventType "swiss"]
[EventRounds "9"]
[EventCountry "URU"]
[SourceTitle "CBM 189 Extra"]
[Source "ChessBase"]
[SourceDate "2019.06.03"]
[SourceVersion "1"]
[SourceVersionDate "2019.06.03"]
[SourceQuality "1"]

1. d4 d5 2. c4 e6 3. Nc3 Nf6 4. cxd5 exd5 5. Bg5 Be7 6. e3 c6 7. Bd3 0-0 8. Qc2 Nbd7 9. Nf3 Re8 10. 0-0 Ne4 11. Bf4 Nef6 12. Nb5 Nf8 13. Nc7 Nh5 14. Nxe8 Qxe8 15. a3 a5 16. Rfe1 g6 17. Qe2 Ne6 18. Bg3 Qf8 19. Bh4 Bd6 20. Bg3 Be7 21. Bh4 Bd6 22. Bg3 Be7 23. Nd2 Bd7 24. f4 Nxg3 25. hxg3 f5 26. Nf3 Ng7 27. Ne5 Be6 28. Kf2 Nh5 29. Rh1 Nf6 30. Rh3 Kg7 31. Rhh1 h5 32. Qc2 Bd6 33. Rac1 Qe7 34. Qc3 a4 35. Qc2 Bc8 36. Bb5 cxb5 37. Rhd1 Bd7 38. Qe2 Be8 39. Rc2 Ne4+ 40. Ke1 Nxg3 41. Qf2 Ne4 0-1

[Event "Montevideo Duchamp Cup 3rd"]
[Site "Montevideo"]
[Date "2019.02.10"]
[Round "2"]
[White "Manteiga, Franco"]
[Black "Pichuaga, Juan Pablo"]
[Result "1/2-1/2"]
[WhiteElo "1502"]
[BlackElo "2027"]
[PlyCount "36"]
[EventDate "2019.02.09"]
[EventType "swiss"]
[EventRounds "9"]
[EventCountry "URU"]
[SourceTitle "CBM 188 Extra"]
[Source "ChessBase"]
[SourceDate "2019.02.26"]
[SourceVersion "1"]
[SourceVersionDate "2019.02.26"]
[SourceQuality "1"]

1. d4 Nf6 2. Nf3 c6 3. c4 d6 4. Nc3 Nbd7 5. e4 e5 6. Be2 Be7 7. 0-0 0-0 8. h3 Qc7 9. Be3 Re8 10. Qc2 Nf8 11. Rfc1 h6 12. d5 Bd7 13. b4 b6 14. Nd2 c5 15. bxc5 bxc5 16. Rcb1 a6 17. Rb3 Reb8 18. Rab1 Rxb3 1/2-1/2

[Event "Montevideo Duchamp Cup 3rd"]
[Site "Montevideo"]
[Date "2019.02.10"]
[Round "3"]
[White "Pichuaga, Juan Pablo"]
[Black "Cetraro, Juan"]
[Result "1-0"]
[WhiteElo "2027"]
[BlackElo "1547"]
[PlyCount "55"]
[EventDate "2019.02.09"]
[EventType "swiss"]
[EventRounds "9"]
[EventCountry "URU"]
[SourceTitle "CBM 188 Extra"]
[Source "ChessBase"]
[SourceDate "2019.02.26"]
[SourceVersion "1"]
[SourceVersionDate "2019.02.26"]
[SourceQuality "1"]

1. e4 e5 2. Nf3 Nc6 3. Bb5 Nf6 4. Bxc6 dxc6 5. d3 Bd6 6. Be3 Bg4 7. Nbd2 0-0 8. h3 Bd7 9. g4 b5 10. Nf1 c5 11. Ng3 c6 12. Nf5 Bxf5 13. gxf5 Nh5 14. Qd2 Nf4 15. Bxf4 exf4 16. 0-0-0 f6 17. Qc3 Qe8 18. Rdg1 Kh8 19. Rg4 a5 20. Rhg1 Ra7 21. Qe1 a4 22. Qe2 Be5 23. Nh4 Qf7 24. Ng6+ hxg6 25. fxg6 Qxa2 26. Rh4+ Kg8 27. Rh8+ Kxh8 28. Qh5+ 1-0

[Event "URU-chTA"]
[Site "Montevideo"]
[Date "2018.07.08"]
[Round "4.41"]
[White "Araque, Jairo"]
[Black "Pichuaga, Juan Pablo"]
[Result "0-1"]
[WhiteElo "1962"]
[BlackElo "2021"]
[PlyCount "110"]
[EventDate "2018.07.06"]
[EventType "team-swiss"]
[EventRounds "5"]
[EventCountry "URU"]
[SourceTitle "EXT 2019"]
[Source "ChessBase"]
[SourceDate "2018.10.10"]
[SourceVersion "1"]
[SourceVersionDate "2018.10.10"]
[SourceQuality "1"]
[WhiteTeam "Proa II"]
[BlackTeam "Cerro Nau64"]
[WhiteTeamCountry "URU"]
[BlackTeamCountry "URU"]

1. d4 d6 2. Bf4 Nf6 3. e3 g6 4. Nf3 Bg7 5. Be2 0-0 6. 0-0 Nbd7 7. h3 Ne4 8. Nbd2 Nxd2 9. Qxd2 e5 10. Bh2 e4 11. Ne1 Nf6 12. c4 h5 13. Rc1 g5 14. c5 d5 15. Be5 g4 16. hxg4 hxg4 17. Qd1 Qd7 18. b4 Nh7 19. Bxg7 Kxg7 20. f3 gxf3 21. gxf3 Ng5 22. fxe4 Qh3 23. Ng2 Qg3 24. Qe1 Nh3+ 25. Kh1 Nf2+ 26. Rxf2 Rh8+ 27. Bh5 Rxh5+ 28. Kg1 Qh2+ 29. Kf1 Bh3 30. Ke2 Bxg2 31. Qg1 Qxg1 32. Rxg1 dxe4 33. Rfxg2+ Kf6 34. Rf2+ Ke6 35. Rg7 Rf8 36. a4 Rf5 37. b5 Rxf2+ 38. Kxf2 Kd5 39. Rg4 f5 40. Rg7 Kc4 41. Rxc7 Kd3 42. Rxb7 f4 43. exf4 e3+ 44. Kf3 Re8 45. Rh7 e2 46. Rh1 e1Q 47. Rxe1 Rxe1 48. b6 axb6 49. cxb6 Kxd4 50. Kg4 Ra1 51. Kg5 Rxa4 52. f5 Kd5 53. Kg6 Rb4 54. f6 Rxb6 55. Kg7 Rb7+ 0-1

[Event "URU-chTA"]
[Site "Montevideo"]
[Date "2018.07.06"]
[Round "1.21"]
[White "Pichuaga, Juan Pablo"]
[Black "Lopez Azambuja, Nicolas"]
[Result "0-1"]
[WhiteElo "2021"]
[BlackElo "2333"]
[PlyCount "102"]
[EventDate "2018.07.06"]
[EventType "team-swiss"]
[EventRounds "5"]
[EventCountry "URU"]
[SourceTitle "EXT 2019"]
[Source "ChessBase"]
[SourceDate "2018.10.10"]
[SourceVersion "1"]
[SourceVersionDate "2018.10.10"]
[SourceQuality "1"]
[WhiteTeam "Cerro Nau64"]
[BlackTeam "Proa"]
[WhiteTeamCountry "URU"]
[BlackTeamCountry "URU"]

1. d4 Nf6 2. Nf3 e6 3. Bf4 c5 4. e3 d5 5. Be2 Bd6 6. Bxd6 Qxd6 7. 0-0 0-0 8. c4 cxd4 9. Nxd4 Qb6 10. Nc3 dxc4 11. Bxc4 Bd7 12. Qb3 Qxb3 13. Bxb3 Na6 14. Rac1 Nc5 15. Bc4 a6 16. b4 Na4 17. Bb3 Nb2 18. Rb1 Nd3 19. Rfd1 Ne5 20. Rbc1 Rfc8 21. f3 Nc4 22. Bxc4 Rxc4 23. a3 Rac8 24. Nde2 Kf8 25. e4 Bc6 26. Kf2 Ke7 27. Rd4 Be8 28. Rxc4 Rxc4 29. Nb1 Rxc1 30. Nxc1 Nd7 31. Nb3 Ne5 32. N3d2 f5 33. Ke3 g5 34. Nc3 Kd6 35. exf5 exf5 36. h4 f4+ 37. Ke2 gxh4 38. Nde4+ Kc6 39. Nf6 Bg6 40. Nfd5 Bd3+ 41. Kd2 Bf1 42. Nxf4 Bxg2 43. Ke3 Bxf3 44. Kf2 Bg4 45. Nfe2 h3 46. Nf4 Ng6 47. Nd3 Bf5 48. Ne1 Ne5 49. Kg3 Kd6 50. Ne2 Kd5 51. Kf4 h2 0-1